卫龙所有食品All Food Products Producing by Wei-Long - Statistics

General Stats
  • This quiz has been taken 70 times
  • The average score is 5 of 22
Answer Stats
答案 % Correct
魔芋爽(香辣/麻辣/酸辣泡椒素毛肚)
85%
亲嘴烧
60%
大面筋
60%
小面筋
55%
大辣棒
29%
风吃海带
27%
小辣棒
24%
大辣片
23%
香辣豆皮
16%
卫龙大刀辣条
15%
78°卤蛋
15%
麻辣麻辣
10%
小魔女魔芋素毛肚
8%
软豆皮
6%
卫龙小鱼
6%
臭豆腐
6%
脆火火辣脆片
5%
霸道熊猫
5%
手撕素肉
5%
烤面筋
3%
小米锅巴
3%
鱼豆腐
3%
No matching quizzes found
Score Distribution
Percent of People with Each Score
Percentile by Number Answered
Your Score History
You have not taken this quiz